Purple States Quiz Stats

Quiz Updated Jan 23, 2017

Challenge
Share
Tweet
Score 0/20 Timer 02:00
3 Plays Today
State % Correct
Florida
92.4%
Ohio
91.9%
Michigan
85.1%
Pennsylvania
81.5%
Virginia
80.5%
Wisconsin
78.6%
North Carolina
77.1%
Indiana
72%
Colorado
71.9%
Iowa
70.4%
State % Correct
New Mexico
66.2%
Nevada
64.6%
New Hampshire
63.4%
Missouri
62.5%
Arizona
60.5%
Arkansas
54.1%
Kentucky
51.4%
Tennessee
50.6%
West Virginia
47.9%
Louisiana
36.7%

You're not logged in!

Compare scores with friends on all Sporcle quizzes.
Sign Up with Email
OR
Log In

You Might Also Like...

Show Comments

Extras

Top Quizzes Today


Score Distribution

Your Account Isn't Verified!

In order to create a playlist on Sporcle, you need to verify the email address you used during registration. Go to your Sporcle Settings to finish the process.

Report this User

Report this user for behavior that violates our Community Guidelines.

Details: